| 000 | 00672nam a22002057a 4500 | ||
|---|---|---|---|
| 003 | OSt | ||
| 005 | 20251010021252.0 | ||
| 008 | 251010b |||||||| |||| 00| 0 eng d | ||
| 020 | _a13 : 978-0-335-22854 | ||
| 040 |
_aDWCL-Admin lib _cOC |
||
| 082 | _aCirc. 658.00711 Al417s 2009 | ||
| 100 | _aAllan, Barbara | ||
| 245 |
_aStudy skills for business and management students/ _cBarbara Allan |
||
| 260 |
_aEngland : _bOpen University Press, _cc2009 |
||
| 300 |
_ax, 227 . : ill. ; _c23 cm. |
||
| 504 | _aIncludes bibliographical references & index. | ||
| 650 | _a1. Management-Study and teaching (higher). | ||
| 650 | _a2. Study skills | ||
| 942 |
_2ddc _cBK-CIRC _kCirc. _n0 |
||
| 999 |
_c4803 _d4803 |
||